Statystyki dla Polskie piosenki lat 90-tych (trudne)

Kliknij tutaj aby rozwiązać quiz!

Ogólne statystyki

  • Ten quiz został rozwiązany 121 razy
  • Średni wynik to 6 z 20

Statystyki odpowiedzi

Tytuł:Wykonawca:% Poprawnych
Peggy BrownMyslovitz
74%
StokrotkaT.Love
60%
Zabić strachLady Pank
51%
Moja BabyWilki
42%
Koła czasuO.N.A.
40%
Całkiem inny krajPerfect
38%
Bal kreślarzyKult
36%
Kolęda rozterekBudka Suflera
34%
Bierz mnieIRA
34%
TokyoVarius Manx
33%
Niekoniecznie o mężczyźnieHey
27%
Wyszków tonieElektryczne Gitary
26%
Magiczne słowaZiyo
23%
Dwa proste słowaDe Mono
22%
W świetle dniaMafia
17%
Silesian SongPiersi
16%
Żółty rowerFormacja Nieżywych Schabuff
13%
Tak miło kochać się z TobąChłopcy Z Placu Broni
11%
Schodami do niebaRóże Europy
7%
Jest dobrze, jest miłoSztywny Pal Azji
5%

Rozkład punktacji

Percentyl według liczby udzielonych odpowiedzi

Procent ludzi z każdym wynikiem

Twoja historia wyników

Nie rozwiązałeś tego quizu